Top 10 Most Expensive Cities - Statistics

General Stats
  • This quiz has been taken 177 times
  • The average score is 6 of 10
Answer Stats
Hint Answer % Correct
3 New York
92%
7 Paris
78%
6 Los Angeles
76%
1 Singapore
71%
1 Zurich
64%
5 Hong Kong
57%
10 San Francisco
57%
3 Geneva
49%
8 Copenhagen
39%
8 Tel Aviv
18%
No matching quizzes found
Score Distribution
Percent of People with Each Score
Percentile by Number Answered
Your Score History
You have not taken this quiz